Statistics for Highest Goalscorer for Germany at Each World Cup

Click here to take the quiz!

General Stats

  • This quiz has been taken 28 times
  • The average score is 14 of 24

Answer Stats

YearGoalsAnswer% Correct
197010Gerd Müller
100%
19744Gerd Müller
100%
20145Thomas Müller
100%
20105Thomas Müller
100%
20065Miroslav Klose
96%
20025Miroslav Klose
96%
19983Jürgen Klinsmann
74%
19945Jürgen Klinsmann
74%
19904Lothar Matthäus
74%
20181Toni Kroos
74%
19825Karl-Heinz Rummenigge
70%
19783Karl-Heinz Rummenigge
70%
20222Kai Havertz
56%
20181Marco Reus
56%
19863Rudi Völler
56%
20222Niclas Füllkrug
48%
19586Helmut Rahn
37%
19983Oliver Bierhoff
37%
19622Uwe Seeler
33%
19666Helmut Haller
19%
19546Max Morlock
19%
19344Edmund Conen
7%
19381Jupp Gauchel
0%
19381Willi Hahnemann
0%

Score Distribution

Percentile by Number Answered

Percent of People with Each Score

Your Score History

You have not taken this quiz